| 000 | 01407nam a22003257a 4500 | ||
|---|---|---|---|
| 001 | 4541 | ||
| 003 | FISKH | ||
| 005 | 20240913133727.0 | ||
| 008 | 240913b cb ||||| |||| 00| 0 eng d | ||
| 020 | _a9789995084820 | ||
| 040 |
_aFISKH _bBilingual _cFISKH _dFISKH |
||
| 050 | _aPZ7 | ||
| 082 | _a800 | ||
| 100 |
_aKimsun, Sotheary _eauthor |
||
| 245 |
_aចៅច្រមុះទិព្វ / _cby Kimsun Sotheary |
||
| 250 | _aចេញផ្សាយខែ កក្កដា ២០០៦ | ||
| 260 |
_aភ្នំពេញ : _bReading Book ; _c២០០៦ . |
||
| 300 |
_a24 pages : _bcolor illustrations ; _c26 cm . |
||
| 490 | _aពិភពរឿងនិទាន | ||
| 505 | _aK | ||
| 520 | _aកាលពីព្រេងនាយមានក្មេងប្រុសម្នាក់មានប្រាជ្ញាឈ្លាសវៃ ហើយពូកែហិតក្លិនផងដែរ អ្នកស្រុកដាក់ឈ្មោះអោយគេថា ចៅច្រមុះទិព្វ ។ | ||
| 520 | _aOnce upon a time, there was a young boy who was wise and had a good sense of smell . | ||
| 521 | 8 |
_a510
_bLexile estimate |
|
| 521 | 8 |
_aK
_bRaz-Plus |
|
| 650 | _aចៅច្រមុះទិព្វ | ||
| 650 | _aThe magic nose boy | ||
| 700 |
_aSan, Thai _eillustrator |
||
| 942 |
_2ddc _cBK _n0 |
||
| 999 |
_c4541 _d4541 |
||